Ročenka Mestského veliteľstva Policajného zboru Košice 1994

Na minha lista:
Detalhes bibliográficos
Formato: Livro
Idioma:eslovaco
Publicado em: Košice Mestské veliteľstvo Policajného zboru 1994
Edição:1. vyd.
Assuntos:
Tags: Adicionar Tag
Sem tags, seja o primeiro a adicionar uma tag!

MARC

LEADER 00000nam a2200000 4500
001 c010763
005 20221214074745.2
020 |a 80-967362-5-6 
041 0 |a slo 
044 |a SK 
245 1 0 |a Ročenka Mestského veliteľstva Policajného zboru Košice 1994 
250 |a 1. vyd. 
264 1 |a Košice  |b Mestské veliteľstvo Policajného zboru  |c 1994 
300 |a 64 s. 
610 2 0 |a polícia 
610 2 0 |a Košice